LEADER 01133nam0-22003371i-450- 001 990001438750403321 010 $a3-540-66333-9 035 $a000143875 035 $aFED01000143875 035 $a(Aleph)000143875FED01 035 $a000143875 100 $a20000920d1999----km-y0itay50------ba 101 0 $aeng 200 1 $aAdvances in Cold-Region Thermal Engineering and Sciences$eTechnological, Environmental, and Climatological Impact$eProceedings of the 6th International Symposium Held in Darmstadt, Germany, 22-25 August 1999$fKolumban Hutter, Yongqui Wang, Hans Beer (Eds.) 210 $aBerlin$cSpringer$d1999 215 $aXX, 608 p.$d23 cm 225 1 $aLecture notes in physics$v533 610 0 $aCalore 610 0 $aTermodinamica 676 $a536.71 702 1$aBeer,$bHans 702 1$aHutter,$bKolumban 702 1$aWang,$bYongqui$f<1964- > 801 0$aIT$bUNINA$gRICA$2UNIMARC 901 $aBK 912 $a990001438750403321 952 $a28-122$bD.S.F. 6399$fFI1 959 $aFI1 996 $aAdvances in Cold-Region Thermal Engineering and Sciences$9374537 997 $aUNINA DB $aING01